000 00288nam a22001337a 4500
008 170405b xxu||||| |||| 00| 0 eng d
020 _a9780631194651
041 _aeng
080 _a574
100 _a9
101 _aSHM
245 _aTHE EARTH TRANSFORMENT
_cGOUDIE, A
942 _2udc
_cBK
999 _c9773
_d9773